International Financial Policy : Essays in honor of Jacques J. Polak.

During his distinguished career at the IMF, Jacques J. Polak served as both Director of Research and, subsequently as a member of the IMF Executive Board. His distinct contribution to the discipline of international financial policy is highlighted in this book edited by Jacob A. Frenkel and Morris G...

Descripció completa

Dades bibliogràfiques
Format: Revista
Idioma:English
Publicat: Washington, D.C. : International Monetary Fund, 1991.
Accés en línia:Full text available on IMF
LEADER 01334cas a2200181 a 4500
001 AALejournalIMF015704
008 230101c9999 xx r poo 0 0eng d
020 |z 9781557751966 
040 |a BD-DhAAL  |c BD-DhAAL 
245 1 0 |a International Financial Policy :   |b Essays in honor of Jacques J. Polak. 
264 1 |a Washington, D.C. :  |b International Monetary Fund,  |c 1991. 
300 |a 1 online resource (524 pages) 
500 |a <strong>Off-Campus Access:</strong> No User ID or Password Required 
500 |a <strong>On-Campus Access:</strong> No User ID or Password Required 
506 |a Electronic access restricted to authorized BRAC University faculty, staff and students 
520 3 |a During his distinguished career at the IMF, Jacques J. Polak served as both Director of Research and, subsequently as a member of the IMF Executive Board. His distinct contribution to the discipline of international financial policy is highlighted in this book edited by Jacob A. Frenkel and Morris Goldstein. The papers included were prepared for a conference, cosponsored by the Netherlands Bank and the IMF, held in Polak's honor in Washington, D.C., in January 1991. 
538 |a Mode of access: Internet 
856 4 0 |z Full text available on IMF  |u http://elibrary.imf.org/view/books/071/03699-9781557751966-en/03699-9781557751966-en-book.xml  |z IMF e-Library